Royal and born to reign, but didn't! - Statistics

General Stats
  • This quiz has been taken 62 times
  • The average score is 3 of 9
Answer Stats
Hint Answer % Correct
She would have been England's first reigning Queen, but got bumped for her cousin King Stephen Matilda
85%
The daughter of King George 4th, her death in childbirth caused a race to provide an heir. Princess Charlotte of Wales
60%
Eldest son of King Edward 7th, and sometimes thought to be a candidate as Jack the Ripper Prince Albert Victor, Prince of Clarence and Avondale
46%
1st husband of Catherine of Aragon, and son of King Henry 7th Arthur Tudor
40%
Famously known by a colour, rather than a kingship. This son of King Edward 3rd never got his chance at the throne The Black Prince, Edward of Woodstock
17%
The son of one King George, and the father of another one. Not much mourned, especially by his parents! Frederick, Prince of Wales
15%
A Scottish Prince and eldest brother of King Charles 1st. Might have been better at keeping his head Henry Frederick, Prince of Wales
6%
The only one of Queen Anne's children to live, he died aged 11 and paved the way for the Hanover Kings Prince William, Duke of Gloucester
6%
A few sons of King Henry 8th bore this name, but none lived to rule. Made for many wives though! Prince Henry
0%
No matching quizzes found
Score Distribution
Percent of People with Each Score
Percentile by Number Answered
Your Score History
You have not taken this quiz